| 000 | 01256nam a22004457a 4500 | ||
|---|---|---|---|
| 003 | OSt | ||
| 005 | 20230519105254.0 | ||
| 008 | 221006b |||||||| |||| 00| 0 eng d | ||
| 040 | _cBiblioteca Lado V | ||
| 082 |
_a720 _bA859r |
||
| 100 |
_9829 _aAsturias, Andrés _edirector |
||
| 245 | _aRARA/ | ||
| 260 |
_bESTUDIO/A2 _c2011 _aGuatemala |
||
| 300 |
_c22x26cm _a74p. |
||
| 366 | _espa | ||
| 490 |
_a03 _v2011 |
||
| 505 | _aHabitable | ||
| 505 | _aObjetos y Libros del deseo | ||
| 505 | _aNuevo/ARQ | ||
| 505 | _aIn Situ | ||
| 505 | _aIntromision | ||
| 505 | _aMuseografica | ||
| 505 | _aRetrato | ||
| 505 | _aSin Titulo | ||
| 505 | _aGPS | ||
| 505 | _aDosser | ||
| 505 | _aPlastica | ||
| 505 | _aFavela Painting | ||
| 505 | _aLaboratorio | ||
| 505 | _a[REC] | ||
| 505 | _aInvestigacion | ||
| 505 | _aAgenda | ||
| 650 |
_2Tesauro de Arte & Arquitectura _aARTE _9703 |
||
| 650 |
_2Tesauro de Arte & Arquitectura _aARQUITECTURA |
||
| 650 |
_2Tesauro de Arte & Arquitectura _aFOTOGRAFIA _9702 |
||
| 650 |
_2Tesauro de Arte & Arquitectura _aAMBIENTE |
||
| 650 |
_2Tesauro de Arte & Arquitectura _aAPRECIACION |
||
| 651 |
_2Tesauro de Arte & Arquitectura _aGUATEMALA |
||
| 942 |
_2ddc _c1 _h720 _iA859r _n0 |
||
| 999 |
_c3647 _d3647 |
||